01092nam a2200301Ia 450000500170000000800270001702000180004424501550006225000170021730000260023449000240026050400380028465000400032265000410036265000320040365000300043565000300046570000510049570000500054694200150059626400300061133600270064133700330066833800280070104000350072908400110076499900150077520220317000354.0141031s9999 ck 000 0 spa d a978849921209810aAlforjas para la poesíabantología poética para niñas y niños cedición a cargo de Remedios Sánchez García, María Luz Escribano Pueo a1a edición a121 páginasc19 cm. aBiblioteca básica aBibliografía: páginas 111-115142LEMBaPoesía juvenilvColecciones142LEMBaPoesía infantilvColecciones142LEMBaAutoresvBiografías142LEMBaAnimalesxPoesías142LEMBaInviernovPoesías1 aSánchez García, Remedioseedición9159111 aEscribano Pueo, María Luzeedición915912 2loccBKINF aBarcelonabOctaedroc2011 atextobtxt2rdacontent asin mediaciónbn2rdamedia avolumenbnc2rdacarrier aCO-BoRNBPbspaerdacCO-BoRNBP aP ALF4 c3863d3863